00591nam a22001817a 450000500170000001000150001702000270003203500130005903700130007208200110008510000190009624500700011526000480018527000800023330000280031350000500034170000180039120151120110932.0 aENG-114156 c295.00a9789350352878  aEN-97688 bDBAD/PUB a340.59 aTahir Mahmood aIntroduction to Muslim law /cby Tahir Mahmood [and] Saif Mahmood aNew Delhi bUniversal Law Publishing c2013 aC-FF-1A, Dilkhush Industrial Estate, G.T. Karnal Road, bNew Delhi e110033 axxviii,302p.c25cm(pbk) aIncludes bibliographical references and index aSaif Mahmood